| 000 | 00591nam a2200241Ia 4500 | ||
|---|---|---|---|
| 003 | OSt | ||
| 005 | 20221005120944.0 | ||
| 006 | a|||||r|||| 00| 0 | ||
| 007 | ta | ||
| 008 | 221004b |||||||| |||| 00| 0 eng d | ||
| 024 | _a30563 | ||
| 037 | _cTextual | ||
| 040 |
_aCRL _cCRL _beng |
||
| 041 |
_2eng _aeng |
||
| 082 | _aM5, K6 | ||
| 100 |
_aLLoyd C _9629877 |
||
| 245 | 0 | _aFurniture and cabinet making | |
| 260 | _c1966 | ||
| 650 | _aINDUSTRIAL ARTS | ||
| 700 |
_a Cowmeadow A _9629878 |
||
| 942 |
_hM5, K6 _cTEXL _2cc |
||
| 999 |
_c1039657 _d1039657 |
||